000 00386nam a2200169Ia 4500
008 230524s9999 xx 000 0 und d
082 _a540
_bMIS
100 _aM.K.Mishra
245 0 _aMaterial Science
250 _aIST
260 _aBHUBANESWAR
_bAlok
_c2005
300 _aXI;575
500 _aQuantity Number: 5
650 _aChemistry
700 _a Md. N. Khan
942 _cBK
999 _c43629
_d43629